000 00426nam a2200157 i 4500
001 99061
003 ES-MaACL
005 20230906182429.0
007 t|
008 051114q19001999sp ||||1| spa d
100 1 _aEngels, Friedrich.
_947225
245 1 3 _aEl socialismo moderno /
_cFederico Engels.
260 _aBarcelona :
_bEdiciones Europa-América,
_c[19-?]
300 _a64 p. ;
_c20 cm.
852 _aES-MaACL
_j1811-F-8
999 _c99061
_d99061